| 000 | 00494nam a2200181Ia 4500 | ||
|---|---|---|---|
| 003 | GCL | ||
| 008 | 140319s9999 xx 000 0 ara d | ||
| 040 |
_aGCL / _cGCL |
||
| 082 | 0 | 4 |
_a173 _bر ز |
| 100 | 1 | _aرسل ، برتراند | |
| 245 | 1 | 0 |
_aالزواج والاخلاق / _cرسل ، برتراند |
| 700 | 1 | _aعبدالعزيز ابراهيم | |
| 490 | _a | ||
| 650 | 0 | 4 | _aالزواج |
| 650 | 0 | 4 | _aالعلاقات الاسرية |
| 650 | 0 | 4 | _aالاخلاق |
| 942 |
_2ddc _cBK |
||
| 999 |
_c45730 _d45730 |
||